000 00764cab a2200217 4500
001 ABS53484
008 090401t1995 xxu||||| |||| 00| 0 eng d
035 _a(Sirsi) u4611
041 _aeng
100 _aLevy, D.S.
245 _aModern marketing research techniques and the property professional
260 _c1995
350 _a0
490 _aEnvironmental Law Bulletin
_v(8) August 1995, 33-40(8)
520 _aDiscusses the benefits to the property profession of persuing a marketing philosphy in an attempt to gain a clearer understanding of how consumers perform in real life situations.
650 _aMARKET RESEARCH
650 _aMARKETING
690 _aMANAGEMENT-BUSINESS MANAGEMENT-PROFESSIONAL PRACTICE
942 _n0
948 _c04/03/1997
999 _c2792
_d2792